Statistics for Canadian Geography by Letter - I

Click here to take the quiz!

General Stats

  • This quiz has been taken 20 times
  • The average score is 4 of 15

Answer Stats

HintAnswer% Correct
Capital of Nunavut. Formerly Frobisher BayIqaluit
78%
Town in Cape Breton, Nova Scotia with fine golf courses and access to the Cabot TrailInverness
56%
Nickname for both Prince Edward Island and Vancouver IslandThe {Island}
56%
Land that connects St. John's with the rest of Newfoundland{Isthmus} of Avalon
44%
Town in Northwest Territories with North America's most northern mosqueInuvik
39%
Community in Nova Scotia named after a Scottish isleIona
33%
Mountain in Alberta. Name means persisting tirelesslyMount {Indefatigable}
28%
Community in Nunavut. Name means "there is a house here"Igloolik
17%
National Historic Site in Nunavut with over 100 stone cairns{Inuksuk} Point
17%
Highest point of land in Ontario{Ishpatina} Ridge
17%
Nickname for the parts of British Columbia east of the Coast MountainsThe {Interior}
17%
Row of 5 wooden grain elevators in Manitoba. A National Historic Site{Inglis} Grain Elevators National Historic Site
11%
15-storey ice-filled mound in Northwest Territories. Second largest pingo in the world{Ibyuk} Pingo
6%
First Nation in northwestern British Columbia. Part of the Tahltan Nation{Iskut} First Nation
6%
National park in Yukon on the Beaufort Sea. Calving grounds for caribou{Ivvavik} National Park
6%

Score Distribution

Percentile by Number Answered

Percent of People with Each Score

Your Score History

You have not taken this quiz